000 00482nam a2200157 a 4500
008 120416s1992 xx |||||||||||||| || u
020 _a0521437563
050 _aQH 84 Hen
100 _aHengeveld, R
245 1 0 _aDynamic biogeography
260 _c1992
350 _a0.00
650 _aBIOGEOGRAPHY
650 0 _aBIOLOGY
995 _D0.00
_FCBU-MAIN LIBRARY (Kitwe)
_H1
_I37.50
_M1
_UAVAILABLE
_ZAnnex Low-Usage Collection
999 _c40540
_d40540